[Event "18. Lovfalds EMT Basis 3 2004"]
[Site "Ringsted"]
[Date "2004.09.17"]
[Round "1"]
[White "Jakobsen, Henning"]
[Black "Jakobsson, Daniel"]
[Result "1-0"]
[WhiteElo "1131"]
[BlackElo "1200"]
[PlyCount "69"]
[EventDate "2004.??.??"]

1. d4 d5 2. c4 Nf6 3. Nc3 Bf5 4. cxd5 Nxd5 5. Nxd5 Qxd5 6. Nf3 e6 7. e3 c5 8.
Bb5+ Nc6 9. O-O Bg4 10. Bxc6+ Qxc6 11. h3 Bh5 12. Bd2 Rd8 13. Rc1 Qb5 14. Qb3
Qxb3 15. axb3 Bxf3 16. gxf3 cxd4 17. e4 Be7 18. Rc7 Rb8 19. b4 Bf6 20. f4 e5
21. f5 O-O 22. Rfc1 g6 23. fxg6 hxg6 24. Rd7 Bd8 25. f4 f6 26. fxe5 fxe5 27.
Bh6 Rf7 28. Rd6 Bf6 29. Rf1 Rh7 30. Bd2 Bg7 31. Kg2 Rc8 32. Kg3 Rc2 33. Rd8+
Bf8 34. Rdxf8+ Kg7 35. R1f7# 1-0

[Event "18. Lovfalds EMT Basis 3 2004"]
[Site "Ringsted"]
[Date "2004.09.17"]
[Round "1"]
[White "Gregor, Bjarke"]
[Black "Haubro, Martin"]
[Result "1-0"]
[WhiteElo "1100"]
[BlackElo "1135"]
[PlyCount "109"]
[EventDate "2004.??.??"]

1. e4 e5 2. Nf3 Nc6 3. Bc4 Bc5 4. c3 Nf6 5. d4 Na5 6. Bxf7+ Kxf7 7. dxc5 Nxe4
8. Qe2 d5 9. cxd6 cxd6 10. Qxe4 Be6 11. O-O Qd7 12. Rd1 Bf5 13. Qd5+ Ke7 14.
Bg5+ Ke8 15. Qxa5 Rf8 16. b3 e4 17. Re1 Kf7 18. Qd5+ Kg6 19. Nbd2 exf3 20. Nxf3
Bg4 21. Qe4+ Kf7 22. Qe7+ Qxe7 23. Rxe7+ Kg6 24. h4 Bxf3 25. gxf3 Rxf3 26. Re6+
Kh5 27. Rxd6 Raf8 28. Rd5 R8f5 29. c4 Rxf2 30. Be3 Rxd5 31. cxd5 Re2 32. Bg5 h6
33. Bd8 Rd2 34. d6 Rxd6 35. Bc7 Rd3 36. Rf1 Kxh4 37. Kg2 Rd2+ 38. Rf2 Rd7 39.
Bg3+ Kg5 40. Rc2 a6 41. Rc5+ Kg6 42. Kf3 Rd3+ 43. Kg4 Rd4+ 44. Kf3 Rd2 45. Rc7
Rxa2 46. Rxb7 Ra3 47. Be5 a5 48. Ke4 Ra2 49. Rxg7+ Kh5 50. Rg1 Re2+ 51. Kf5
Rf2+ 52. Bf4 Rh2 53. Bxh2 a4 54. Bf4 a3 55. Rh1# 1-0

[Event "18. Lovfalds EMT Basis 3 2004"]
[Site "Ringsted"]
[Date "2004.09.17"]
[Round "1"]
[White "Suadicani, Stefan"]
[Black "Vilsgaard, Lars"]
[Result "0-1"]
[WhiteElo "1100"]
[BlackElo "1135"]
[PlyCount "44"]
[EventDate "2004.??.??"]

1. e4 e5 2. Nf3 Nc6 3. Bc4 h6 4. O-O d6 5. h3 Nf6 6. Nc3 a6 7. d3 Be7 8. Nd5
O-O 9. Nxe7+ Qxe7 10. Be3 Nh7 11. Re1 Be6 12. Bxe6 Qxe6 13. d4 exd4 14. Bxd4
Qg6 15. c3 Rae8 16. e5 Nxd4 17. cxd4 d5 18. Rc1 c6 19. Rc3 Ng5 20. e6 Nxh3+ 21.
Kf1 Nf4 22. e7 Qxg2# 0-1

[Event "18. Lovfalds EMT Basis 3 2004"]
[Site "Ringsted"]
[Date "2004.09.17"]
[Round "1"]
[White "Jorgensen, Harald"]
[Black "Jorgensen, Valdemar"]
[Result "0-1"]
[WhiteElo "1100"]
[BlackElo "1200"]
[PlyCount "68"]
[EventDate "2004.??.??"]

1. d4 d5 2. Nf3 c5 3. e3 cxd4 4. Bb5+ Bd7 5. Bxd7+ Nxd7 6. Qxd4 e6 7. O-O Ngf6
8. Ne5 Nxe5 9. Qxe5 Bd6 10. Qd4 O-O 11. Nc3 a6 12. Na4 Qc7 13. Qc3 Bxh2+ 14.
Kh1 Qxc3 15. bxc3 Bd6 16. Bb2 b5 17. Nb6 Rab8 18. Nxd5 Nxd5 19. Rfd1 Be7 20. g3
Rbc8 21. Rd3 Bf6 22. Rb1 Nxc3 23. Bxc3 Rxc3 24. Rxc3 Bxc3 25. Rb3 b4 26. a3 a5
27. Kg1 h6 28. axb4 axb4 29. Kf1 Rd8 30. Ke2 Rd2+ 31. Ke1 Rxc2+ 32. Kf1 Rb2 33.
Rxb2 Bxb2 34. Ke1 Bc3+ 0-1

[Event "18. Lovfalds EMT Basis 3 2004"]
[Site "Ringsted"]
[Date "2004.09.18"]
[Round "2"]
[White "Jakobsson, Daniel"]
[Black "Haubro, Martin"]
[Result "1/2-1/2"]
[WhiteElo "1200"]
[BlackElo "1135"]
[PlyCount "122"]
[EventDate "2004.??.??"]

1. e4 e5 2. Nf3 Nc6 3. Bc4 Bc5 4. Nc3 Nf6 5. d3 O-O 6. Bg5 Nd4 7. Nd5 Nxf3+ 8.
Qxf3 Be7 9. Bxf6 Bxf6 10. O-O-O Bg5+ 11. Ne3 c6 12. Kb1 b5 13. Bb3 a5 14. a4
Ba6 15. c4 bxc4 16. Nxc4 Rb8 17. Bc2 d5 18. Nxe5 dxe4 19. dxe4 Qb6 20. b3 Bc8
21. Rhf1 f5 22. exf5 Bxf5 23. Bxf5 Rxf5 24. Qc3 Rxe5 25. Rd3 Rc5 26. Qb2 Bf6
27. Qa2 Bc3 28. Rfd1 Qxb3+ 29. Qxb3+ Rxb3+ 30. Ka2 Rb2+ 31. Ka3 Rxf2 32. Rd8+
Kf7 33. R1d7+ Kg6 34. Rd6+ Bf6 35. Rb8 Rxg2 36. Rb6 Rc3+ 37. Rb3 Rxh2 38. Rxc3
h5 39. Rg3+ Kf7 40. Rxc6 h4 41. Rf3 Rg2 42. Rcc3 Rg6 43. Kb3 Rh6 44. Rcd3 g5
45. Rd2 g4 46. Rf1 h3 47. Rd3 h2 48. Rg3 Rh4 49. Kc4 Ke6 50. Re3+ Be5 51. Re4
g3 52. Rxh4 g2 53. Rh6+ Bf6 54. Rfxf6+ Ke7 55. Re6+ Kd7 56. Rd6+ Kc7 57. Rc6+
Kb7 58. Rb6+ Ka7 59. Ra6+ Kb7 60. Rhb6+ Kc7 61. Rc6+ Kb7 1/2-1/2

[Event "18. Lovfalds EMT Basis 3 2004"]
[Site "Ringsted"]
[Date "2004.09.18"]
[Round "2"]
[White "Vilsgaard, Lars"]
[Black "Jorgensen, Valdemar"]
[Result "1/2-1/2"]
[WhiteElo "1135"]
[BlackElo "1200"]
[PlyCount "115"]
[EventDate "2004.??.??"]

1. e4 e5 2. Nf3 Nc6 3. Bb5 Qe7 4. Bxc6 dxc6 5. O-O Bg4 6. d3 h6 7. Nc3 Qf6 8.
Be3 Bxf3 9. Qxf3 Qxf3 10. gxf3 Bd6 11. Rad1 b6 12. d4 O-O-O 13. d5 cxd5 14.
Nxd5 Ne7 15. Nxe7+ Bxe7 16. Rd3 Rxd3 17. cxd3 c5 18. Rc1 Kb7 19. Kf1 Rc8 20. b3
Rd8 21. Ke2 g5 22. Rg1 Rd6 23. h3 Kc6 24. Rc1 Kb7 25. Rg1 f6 26. Rb1 a5 27. a3
Rc6 28. a4 Ka6 29. Kd2 Rd6 30. Ke2 Rd7 31. Rh1 b5 32. axb5+ Kxb5 33. Kd2 Rb7
34. Kc3 Bd6 35. h4 Bf8 36. hxg5 fxg5 37. Bd2 Rb6 38. Kb2 Be7 39. Ra1 Ra6 40.
Rh1 Bd8 41. Rc1 Rf6 42. Be3 Bb6 43. Rh1 Rd6 44. Kc3 Rf6 45. Rh3 Bd8 46. Kc2 Be7
47. Kc3 Bf8 48. Kc2 Ra6 49. Kb2 a4 50. Rh1 axb3 51. Kxb3 Ra4 52. Bd2 Ra6 53.
Bc3 Bg7 54. Rb1 Kc6 55. Kc4 Ra4+ 56. Kb3 Ra6 57. Kc4 Ra4+ 58. Kb3 1/2-1/2

[Event "18. Lovfalds EMT Basis 3 2004"]
[Site "Ringsted"]
[Date "2004.09.18"]
[Round "2"]
[White "Suadicani, Stefan"]
[Black "Christensen, Christoffer"]
[Result "0-1"]
[WhiteElo "1100"]
[BlackElo "1088"]
[PlyCount "70"]
[EventDate "2004.??.??"]

1. e4 e6 2. d4 d5 3. e5 c5 4. c3 Nc6 5. Nf3 Qb6 6. Bd3 Bd7 7. Bc2 cxd4 8. cxd4
Bb4+ 9. Nc3 Nge7 10. Be3 Nf5 11. O-O Bxc3 12. bxc3 O-O 13. Qd3 g6 14. Rfd1 Na5
15. Rab1 Qa6 16. Bg5 Ba4 17. Bxa4 Qxd3 18. Rxd3 Nc4 19. Bf6 Rab8 20. Ng5 h6 21.
g4 Ng7 22. Nh3 Nb6 23. Bc2 Nc4 24. g5 h5 25. Nf4 Na3 26. Rb2 Nc4 27. Rh3 Nxb2
28. c4 Nxc4 29. Bd1 Kh7 30. Bxh5 gxh5 31. Nxh5 Nxh5 32. Rxh5+ Kg6 33. Rh6+ Kf5
34. Rh4 Nd2 35. Be7 Nf3+ 0-1

[Event "18. Lovfalds EMT Basis 3 2004"]
[Site "Ringsted"]
[Date "2004.09.18"]
[Round "2"]
[White "Jakobsen, Henning"]
[Black "Gregor, Bjarke"]
[Result "1-0"]
[WhiteElo "1131"]
[BlackElo "1100"]
[PlyCount "53"]
[EventDate "2004.??.??"]

1. d4 c5 2. Nf3 g6 3. c3 Nc6 4. e4 e6 5. Be3 b6 6. Bb5 cxd4 7. Nxd4 Bb7 8. O-O
Bc5 9. Nxc6 Bxc6 10. Bxc6 dxc6 11. Bxc5 bxc5 12. Qf3 Qf6 13. Nd2 Rd8 14. Rad1
Qxf3 15. Nxf3 Rxd1 16. Rxd1 Nf6 17. Ne5 Nxe4 18. Nxc6 O-O 19. f3 Ng5 20. h4
Nxf3+ 21. gxf3 h5 22. Rd7 Kh7 23. Rxa7 Kh6 24. Ne5 f6 25. Nf7+ Rxf7 26. Rxf7 f5
27. Rf6 1-0

[Event "18. Lovfalds EMT Basis 3 2004"]
[Site "Ringsted"]
[Date "2004.09.18"]
[Round "2"]
[White "Christensen, Simon"]
[Black "Jorgensen, Harald"]
[Result "1/2-1/2"]
[WhiteElo "1000"]
[BlackElo "1100"]
[PlyCount "59"]
[EventDate "2004.??.??"]

1. d4 d5 2. Nf3 Nf6 3. Bf4 a6 4. e3 Bf5 5. Nbd2 Nc6 6. c3 e6 7. Be2 Be7 8. Ne5
Bd6 9. O-O O-O 10. Ndf3 Nd7 11. h3 Be4 12. Bd3 Bxf3 13. Qxf3 Bxe5 14. dxe5 g6
15. Qg3 Nc5 16. Bc2 b5 17. Bg5 Qc8 18. b4 Nd7 19. Bh6 Re8 20. e4 Ndxe5 21. exd5
exd5 22. Rad1 Rd8 23. Bg5 Rd6 24. Bf4 f6 25. Bxe5 Nxe5 26. f4 Nf7 27. f5 g5 28.
h4 h6 29. hxg5 hxg5 30. Qf3 1/2-1/2

[Event "18. Lovfalds EMT Basis 3 2004"]
[Site "Ringsted"]
[Date "2004.09.18"]
[Round "3"]
[White "Jakobsson, Daniel"]
[Black "Suadicani, Stefan"]
[Result "1-0"]
[WhiteElo "1200"]
[BlackElo "1100"]
[PlyCount "109"]
[EventDate "2004.??.??"]

1. e4 e5 2. Nf3 Nc6 3. Bc4 Bc5 4. d3 Nge7 5. Nc3 O-O 6. O-O d6 7. Na4 Nd4 8. c3
Nxf3+ 9. Qxf3 b6 10. b4 b5 11. Bxb5 Bb6 12. Qg3 Ng6 13. Nb2 Bb7 14. Bc4 Qe8 15.
a4 a5 16. b5 c6 17. Qf3 c5 18. Be3 Qe7 19. Rad1 Qf6 20. Qg4 Nf4 21. Bxf4 exf4
22. Rc1 Rad8 23. g3 f3 24. Rfe1 d5 25. exd5 Bxd5 26. Bxd5 Rxd5 27. Re3 Rf5 28.
Nc4 h5 29. Qe4 Bc7 30. Nd2 Be5 31. Rxf3 Rxf3 32. Qxf3 Bxc3 33. Qxf6 Bxf6 34.
Rxc5 g6 35. b6 Bd4 36. Rb5 Rb8 37. Nc4 Kf8 38. b7 Bc3 39. Kg2 Ke7 40. Nxa5 Bxa5
41. Rxa5 Rxb7 42. Kf3 Rb2 43. Ke3 Kd6 44. Ra6+ Kc5 45. a5 Ra2 46. Ra8 Ra3 47.
a6 f6 48. h3 g5 49. g4 hxg4 50. hxg4 f5 51. a7 f4+ 52. Ke2 f3+ 53. Ke3 Kd5 54.
Rd8+ Ke5 55. a8=Q 1-0

[Event "18. Lovfalds EMT Basis 3 2004"]
[Site "Ringsted"]
[Date "2004.09.18"]
[Round "3"]
[White "Jorgensen, Valdemar"]
[Black "Jakobsen, Henning"]
[Result "0-1"]
[WhiteElo "1200"]
[BlackElo "1131"]
[PlyCount "60"]
[EventDate "2004.??.??"]

1. e4 c5 2. Nf3 d6 3. Bc4 e6 4. d3 Nf6 5. Nc3 a6 6. a3 Nbd7 7. Bd2 Be7 8. Bb3
O-O 9. O-O b5 10. Qe2 Bb7 11. Be3 Qc7 12. Rac1 Nb6 13. Nd1 d5 14. e5 Ng4 15.
Bf4 c4 16. dxc4 dxc4 17. Ba2 Bxf3 18. gxf3 Nd5 19. Qe4 f5 20. Qd4 Bc5 21. Qd2
Nxe5 22. Bxe5 Qxe5 23. Re1 Qf6 24. c3 Qg6+ 25. Kh1 Qh5 26. Rxe6 Qxf3+ 27. Kg1
Qg4+ 28. Kf1 Nf4 29. Re5 Qg2+ 30. Ke1 Qg1# 0-1

[Event "18. Lovfalds EMT Basis 3 2004"]
[Site "Ringsted"]
[Date "2004.09.18"]
[Round "3"]
[White "Christensen, Christoffer"]
[Black "Vilsgaard, Lars"]
[Result "0-1"]
[WhiteElo "1088"]
[BlackElo "1135"]
[PlyCount "50"]
[EventDate "2004.??.??"]

1. d4 d5 2. Nf3 Bg4 3. Bf4 Bxf3 4. gxf3 e6 5. e3 Bd6 6. Bg3 Nf6 7. Bd3 O-O 8.
Nd2 Re8 9. e4 dxe4 10. fxe4 Bxg3 11. hxg3 Qxd4 12. Rb1 h6 13. Qf3 c6 14. g4
Nbd7 15. Qh3 Kf8 16. Rg1 Ne5 17. Ke2 Rad8 18. f4 Nxd3 19. cxd3 e5 20. fxe5 Rxe5
21. Qe3 Qxe3+ 22. Kxe3 Rg5 23. Kf4 Rxd3 24. Nf3 Ra5 25. a3 g5+ 0-1

[Event "18. Lovfalds EMT Basis 3 2004"]
[Site "Ringsted"]
[Date "2004.09.18"]
[Round "3"]
[White "Haubro, Martin"]
[Black "Jorgensen, Harald"]
[Result "1-0"]
[WhiteElo "1135"]
[BlackElo "1100"]
[PlyCount "49"]
[EventDate "2004.??.??"]

1. e4 e5 2. f4 Bd6 3. Nf3 Nc6 4. Bc4 h6 5. O-O Nf6 6. Nc3 Nd4 7. Nxd4 exd4 8.
Ne2 Bc5 9. d3 Ng4 10. f5 Ne3 11. Bxe3 dxe3 12. d4 Bd6 13. e5 Be7 14. Qd3 Bg5
15. Qe4 d5 16. Bxd5 c6 17. Bb3 Qa5 18. e6 Qc7 19. exf7+ Kd7 20. Qg4 Kd8 21. Qe4
Rf8 22. d5 Qxf7 23. dxc6 Qc7 24. Rad1+ Bd7 25. Rxd7+ 1-0

[Event "18. Lovfalds EMT Basis 3 2004"]
[Site "Ringsted"]
[Date "2004.09.18"]
[Round "3"]
[White "Christensen, Simon"]
[Black "Gregor, Bjarke"]
[Result "1-0"]
[WhiteElo "1000"]
[BlackElo "1100"]
[PlyCount "31"]
[EventDate "2004.??.??"]

1. d4 c5 2. Nf3 d5 3. Bf4 Nc6 4. e3 Bg4 5. Nbd2 cxd4 6. exd4 Nxd4 7. c3 Nxf3+
8. Nxf3 a6 9. Bd3 e5 10. Bxe5 Qe7 11. O-O f6 12. Bg3 O-O-O 13. h3 Bh5 14. Bf5+
Rd7 15. Bxd7+ Kxd7 16. Qxd5+ 1-0

[Event "18. Lovfalds EMT Basis 3 2004"]
[Site "Ringsted"]
[Date "2004.09.18"]
[Round "4"]
[White "Haubro, Martin"]
[Black "Suadicani, Stefan"]
[Result "0-1"]
[WhiteElo "1135"]
[BlackElo "1100"]
[PlyCount "68"]
[EventDate "2004.??.??"]

1. e4 e5 2. f4 exf4 3. Nf3 c6 4. Bc4 d5 5. exd5 cxd5 6. Bb3 Qe7+ 7. Qe2 Qxe2+
8. Kxe2 Nf6 9. Re1 Be7 10. Kf1 Nc6 11. Kg1 O-O 12. c4 dxc4 13. Bxc4 Bc5+ 14.
Kh1 Bg4 15. d3 Bxf3 16. gxf3 Nh5 17. Nc3 Rfe8 18. Bd2 Rxe1+ 19. Rxe1 Nd4 20.
Bd5 Nf6 21. Bxb7 Rb8 22. Bd5 Rxb2 23. Bxf4 Nxd5 24. Nxd5 h6 25. Be3 Nxf3 26.
Bf4 Nxe1 27. a4 Rg2 28. Be3 Bxe3 29. Nxe3 Rg6 30. d4 Nf3 31. Ng2 h5 32. d5 h4
33. d6 h3 34. d7 hxg2# 0-1

[Event "18. Lovfalds EMT Basis 3 2004"]
[Site "Ringsted"]
[Date "2004.09.18"]
[Round "4"]
[White "Jorgensen, Valdemar"]
[Black "Christensen, Simon"]
[Result "1-0"]
[WhiteElo "1200"]
[BlackElo "1000"]
[PlyCount "109"]
[EventDate "2004.??.??"]

1. e4 g6 2. Nf3 d6 3. Bc4 Nf6 4. Ng5 e6 5. d3 Bg7 6. Nd2 O-O 7. Nb1 e5 8. Nc3
Nbd7 9. Nf3 c6 10. Bb3 b5 11. Bd2 b4 12. Ne2 c5 13. a3 bxa3 14. Rxa3 a5 15. O-O
Nb8 16. Nc3 Bg4 17. Nd5 Nxd5 18. Bxd5 Ra7 19. Qe2 Bxf3 20. Qxf3 Nd7 21. Qe2 Nf6
22. Bb3 Qc7 23. Bc4 a4 24. b3 axb3 25. Rxa7 Qxa7 26. Bxb3 Qd7 27. Ra1 Qb7 28.
Qd1 Ra8 29. g3 Rxa1 30. Qxa1 Nd7 31. Bd5 Qb8 32. Kg2 Nb6 33. Bb3 Qb7 34. Qa2
Qa8 35. Bxf7+ Kf8 36. Qxa8+ Nxa8 37. Bd5 Nb6 38. Bb3 Ke7 39. f4 exf4 40. Bxf4
Be5 41. Bxe5 dxe5 42. Kf3 Kf6 43. h4 g5 44. Kg4 gxh4 45. gxh4 Kg6 46. Bd5 h5+
47. Kg3 Na4 48. Bc6 Nc3 49. Be8+ Kh6 50. Kf3 Nd1 51. Bf7 Nb2 52. Ke2 Na4 53.
Kd2 Nb6 54. Kc3 Kg7 55. Bxh5 1-0

[Event "18. Lovfalds EMT Basis 3 2004"]
[Site "Ringsted"]
[Date "2004.09.18"]
[Round "4"]
[White "Jorgensen, Harald"]
[Black "Gregor, Bjarke"]
[Result "1/2-1/2"]
[WhiteElo "1100"]
[BlackElo "1100"]
[PlyCount "61"]
[EventDate "2004.??.??"]

1. Nf3 Nc6 2. Nc3 e5 3. e4 Nf6 4. Bc4 Bc5 5. h3 d6 6. Ng5 O-O 7. O-O h6 8. Nf3
Na5 9. d3 Nxc4 10. dxc4 Be6 11. b3 Bb4 12. Bb2 Bxc3 13. Bxc3 Nxe4 14. Qe1 Ng5
15. Nxg5 Qxg5 16. Qe3 Qxe3 17. fxe3 f5 18. Rf2 c6 19. b4 Bxc4 20. Rd1 Rad8 21.
a3 f4 22. exf4 exf4 23. Rd4 Ba2 24. Rdxf4 Rxf4 25. Rxf4 Bb1 26. Rf2 Rf8 27. Rd2
d5 28. Bd4 a6 29. c3 Be4 30. Bc5 Rf5 31. Re2 1/2-1/2

[Event "18. Lovfalds EMT Basis 3 2004"]
[Site "Ringsted"]
[Date "2004.09.18"]
[Round "4"]
[White "Vilsgaard, Lars"]
[Black "Jakobsen, Henning"]
[Result "1-0"]
[WhiteElo "1135"]
[BlackElo "1131"]
[PlyCount "71"]
[EventDate "2004.??.??"]

1. e4 c5 2. Nf3 d6 3. Nc3 Nd7 4. Bb5 a6 5. Bxd7+ Bxd7 6. O-O e5 7. d3 Be7 8. h3
Nf6 9. Bg5 h6 10. Bxf6 Bxf6 11. Nd5 Bg5 12. Nxg5 Qxg5 13. Nc7+ Ke7 14. Nxa8
Bxh3 15. Qf3 Bg4 16. Qe3 Rxa8 17. Qxg5+ hxg5 18. f3 Bh5 19. Kf2 Rf8 20. Rh1 g6
21. g4 f5 22. gxh5 fxe4 23. dxe4 g4 24. hxg6 Rxf3+ 25. Ke2 Kf6 26. Raf1 Rf4 27.
Rxf4+ exf4 28. Kf2 Kxg6 29. Re1 Kf6 30. Rd1 Ke6 31. Rd5 b5 32. Rg5 g3+ 33. Kf3
Kf6 34. Kxf4 c4 35. Rxg3 Ke6 36. Ra3 1-0

[Event "18. Lovfalds EMT Basis 3 2004"]
[Site "Ringsted"]
[Date "2004.09.18"]
[Round "4"]
[White "Jakobsson, Daniel"]
[Black "Christensen, Christoffer"]
[Result "0-1"]
[WhiteElo "1200"]
[BlackElo "1088"]
[PlyCount "50"]
[EventDate "2004.??.??"]

1. e4 e6 2. e5 d5 3. d4 c5 4. Be3 Nc6 5. Nf3 Qb6 6. b3 Nh6 7. c3 Nf5 8. Be2 Bd7
9. O-O Rc8 10. Qd2 cxd4 11. Nxd4 Nfxd4 12. cxd4 Nb4 13. Nc3 Na6 14. Rac1 Bb4
15. Na4 Bxd2 16. Nxb6 Rxc1 17. Rxc1 Bxc1 18. Nxd7 Bxe3 19. fxe3 Kxd7 20. Bb5+
Kc7 21. Bxa6 bxa6 22. Kf2 Kb6 23. Ke2 Rc8 24. Kd2 Ka5 25. a3 f6 0-1

[Event "18. Lovfalds EMT Basis 3 2004"]
[Site "Ringsted"]
[Date "2004.09.19"]
[Round "5"]
[White "Haubro, Martin"]
[Black "Jorgensen, Valdemar"]
[Result "0-1"]
[WhiteElo "1135"]
[BlackElo "1200"]
[PlyCount "90"]
[EventDate "2004.??.??"]

1. e4 e5 2. f4 exf4 3. Nf3 Bc5 4. d4 Bb6 5. Bc4 d6 6. Bxf4 Bg4 7. O-O Nc6 8. c3
Nf6 9. Nbd2 O-O 10. e5 dxe5 11. Kh1 exf4 12. h3 Bh5 13. Qe2 Re8 14. Qd3 Bg6 15.
Ne4 Bxe4 16. Qd2 Nh5 17. g4 Ng3+ 18. Kg1 Nxf1 19. Rxf1 Bd5 20. Bxd5 Qxd5 21.
Qxf4 Qe4 22. Qg5 Qe3+ 23. Qxe3 Rxe3 24. h4 Re2 25. Ng5 f6 26. Nf3 Rf8 27. h5
Rxb2 28. h6 gxh6 29. Nh4 Rxa2 30. Nf5 Kh8 31. Nxh6 Nxd4 32. cxd4 Bxd4+ 33. Kh1
Be5 34. g5 a5 35. g6 Rh2+ 36. Kg1 Rxh6 37. g7+ Kxg7 38. Rf2 Bd4 39. Kg2 Bxf2
40. Kf1 Rh3 41. Kg2 Ra3 42. Kf1 Bh4 43. Kg1 Rd8 44. Kf1 Ra2 45. Kg1 Rd1# 0-1

[Event "18. Lovfalds EMT Basis 3 2004"]
[Site "Ringsted"]
[Date "2004.09.19"]
[Round "5"]
[White "Jorgensen, Harald"]
[Black "Jakobsson, Daniel"]
[Result "0-1"]
[WhiteElo "1100"]
[BlackElo "1200"]
[PlyCount "84"]
[EventDate "2004.??.??"]

1. e4 e5 2. Nf3 Nc6 3. Bb5 Bc5 4. Bxc6 dxc6 5. Nxe5 Qd4 6. Nd3 Qxe4+ 7. Qe2
Qxe2+ 8. Kxe2 Bd6 9. Re1 Ne7 10. Kf1 O-O 11. Kg1 Bf5 12. Re3 Nd5 13. Re1 Rfe8
14. Rf1 Re7 15. Ne1 Rae8 16. Nf3 Bxc2 17. Na3 Bd3 18. Rd1 Be2 19. Re1 Bxf3 20.
Rxe7 Rxe7 21. gxf3 Re5 22. Nc4 Rg5+ 23. Kf1 Bxh2 24. Ke2 b6 25. d4 Rg2 26. Be3
Nxe3 27. Nxe3 Rg1 28. Rxg1 Bxg1 29. f4 f6 30. Nf5 Kf7 31. Kf3 Bh2 32. Ne3 g5
33. f5 Bf4 34. Ng4 Bc1 35. b3 h5 36. Nh2 Ke7 37. Ke2 Kd6 38. Kd3 c5 39. dxc5+
Kxc5 40. Kc3 Bf4 41. Nf1 Kd5 42. Kd3 Ke5 0-1

[Event "18. Lovfalds EMT Basis 3 2004"]
[Site "Ringsted"]
[Date "2004.09.19"]
[Round "5"]
[White "Christensen, Simon"]
[Black "Vilsgaard, Lars"]
[Result "1-0"]
[WhiteElo "1000"]
[BlackElo "1135"]
[PlyCount "61"]
[EventDate "2004.??.??"]

1. d4 d5 2. Nf3 Bg4 3. Ne5 Bf5 4. c3 f6 5. Nf3 Bg4 6. Bf4 Bxf3 7. exf3 a6 8.
Bd3 Nc6 9. O-O g5 10. Bg3 h5 11. h3 h4 12. Bh2 Qd7 13. Bg6+ Kd8 14. Qd3 Nh6 15.
Nd2 Rg8 16. Rae1 Rg7 17. Re2 f5 18. Bh5 Ng8 19. Be5 Nxe5 20. Rxe5 e6 21. Rfe1
Re7 22. Qe3 Nf6 23. Bg6 c6 24. Rxe6 Ng8 25. Bxf5 Rxe6 26. Qxe6 Qxe6 27. Bxe6
Ne7 28. Bg4 Kc7 29. Re5 Bh6 30. Rxe7+ Kd6 31. Re6+ 1-0

[Event "18. Lovfalds EMT Basis 3 2004"]
[Site "Ringsted"]
[Date "2004.09.19"]
[Round "5"]
[White "Christensen, Christoffer"]
[Black "Jakobsen, Henning"]
[Result "0-1"]
[WhiteElo "1088"]
[BlackElo "1131"]
[PlyCount "84"]
[EventDate "2004.??.??"]

1. d4 Nf6 2. Nf3 d6 3. Bf4 g6 4. e3 Bg7 5. c3 Bg4 6. Nbd2 O-O 7. Bd3 Nc6 8. h3
Bxf3 9. Qxf3 Nd7 10. Qg3 Qe8 11. Qh4 e5 12. Bh6 exd4 13. cxd4 Nxd4 14. Bxg7 Nf5
15. Bxf5 Kxg7 16. Bxd7 Qxd7 17. Ne4 Qa4 18. Qf6+ Kg8 19. Qd4 Qxd4 20. exd4 Rae8
21. f3 d5 22. Kd2 dxe4 23. fxe4 Rxe4 24. Kd3 Rfe8 25. Rac1 c6 26. Rhg1 f5 27.
Rc4 Re3+ 28. Kd2 Re2+ 29. Kc1 Rf2 30. Rc2 Ree2 31. Rxe2 Rxe2 32. g3 Re4 33. Rd1
Kf7 34. Kc2 Ke6 35. Kd3 Kd5 36. Rc1 Rxd4+ 37. Ke3 Re4+ 38. Kf3 Ke6 39. g4 Ke5
40. Rc5+ Kf6 41. gxf5 gxf5 42. Rc3 Re5 0-1

[Event "18. Lovfalds EMT Basis 3 2004"]
[Site "Ringsted"]
[Date "2004.09.19"]
[Round "5"]
[White "Gregor, Bjarke"]
[Black "Suadicani, Stefan"]
[Result "0-1"]
[WhiteElo "1100"]
[BlackElo "1100"]
[PlyCount "120"]
[EventDate "2004.??.??"]

1. e4 e6 2. d4 d5 3. Nd2 c5 4. c3 Nc6 5. Bb5 Nge7 6. Ngf3 Qb6 7. Ba4 Bd7 8. O-O
O-O-O 9. dxc5 Qxc5 10. Ng5 Ne5 11. Bxd7+ Rxd7 12. b4 Qxc3 13. Nb3 dxe4 14. Qe2
Qd3 15. Qxe4 Qxe4 16. Nxe4 N7g6 17. f4 Ng4 18. h3 Nf6 19. Nxf6 gxf6 20. Bb2
Bxb4 21. Bxf6 Re8 22. Rac1+ Rc7 23. Rxc7+ Kxc7 24. Be5+ Nxe5 25. fxe5 Re7 26.
Nc1 Kc6 27. Nd3 Ba5 28. Rd1 Bb6+ 29. Kf1 Kd5 30. Nb2+ Kxe5 31. Nc4+ Kf5 32.
Nxb6 axb6 33. Rb1 e5 34. Rxb6 e4 35. Ke2 Kf4 36. Rb3 e3 37. a4 Kg3 38. Rxe3+
Rxe3+ 39. Kxe3 Kxg2 40. Kf4 Kxh3 41. Ke5 Kg4 42. Kd6 h5 43. Kc7 h4 44. Kxb7 h3
45. a5 h2 46. a6 h1=Q+ 47. Kb8 Qb1+ 48. Kc7 Qc2+ 49. Kb6 Qb3+ 50. Ka5 Qb8 51.
Ka4 Kf4 52. a7 Qxa7+ 53. Kb4 Ke4 54. Kc3 Qf2 55. Kc4 Qc2+ 56. Kb5 Kd5 57. Kb4
Qb2+ 58. Ka5 Kc5 59. Ka6 Qb8 60. Ka5 Qb5# 0-1

[Event "18. Lovfalds EMT Basis 3 2004"]
[Site "Ringsted"]
[Date "2004.09.19"]
[Round "6"]
[White "Haubro, Martin"]
[Black "Christensen, Christoffer"]
[Result "1/2-1/2"]
[WhiteElo "1135"]
[BlackElo "1088"]
[PlyCount "92"]
[EventDate "2004.??.??"]

1. e4 e6 2. d4 d5 3. exd5 exd5 4. Nf3 Nf6 5. Be2 Bg4 6. O-O Bd6 7. Bg5 Nbd7 8.
Nc3 c6 9. Bxf6 Nxf6 10. Ne5 Bxe2 11. Qxe2 Bxe5 12. dxe5 Nd7 13. f4 O-O 14. f5
Re8 15. e6 fxe6 16. fxe6 Nc5 17. Qf2 Nxe6 18. Qf7+ Kh8 19. Rae1 Nc7 20. Rxe8+
Qxe8 21. Qxe8+ Rxe8 22. Rf7 Rc8 23. Na4 b6 24. Kf2 Nb5 25. Nc3 Nxc3 26. bxc3
Ra8 27. Rc7 c5 28. Rd7 Rf8+ 29. Kg3 d4 30. cxd4 cxd4 31. Rxd4 Kg8 32. Ra4 a5
33. c4 Rc8 34. Kf4 Rc5 35. Ke4 Kf7 36. Kd4 Kf6 37. Ra3 g5 38. Rf3+ Kg6 39. Rf8
Rc6 40. Kd5 Rc5+ 41. Kd4 Rc6 42. Rd8 Kf6 43. Rd5 h6 44. g3 Ke6 45. c5 b5 46.
Re5+ Kd7 1/2-1/2

[Event "18. Lovfalds EMT Basis 3 2004"]
[Site "Ringsted"]
[Date "2004.09.19"]
[Round "6"]
[White "Gregor, Bjarke"]
[Black "Jorgensen, Valdemar"]
[Result "0-1"]
[WhiteElo "1100"]
[BlackElo "1200"]
[PlyCount "126"]
[EventDate "2004.??.??"]

1. e4 e5 2. Nf3 d6 3. Bc4 Nf6 4. Ng5 Be6 5. Bxe6 fxe6 6. Nxe6 Qe7 7. Nxf8 Qxf8
8. Nc3 c6 9. d3 Qe7 10. Bg5 Qe6 11. Be3 O-O 12. O-O Nbd7 13. Qe2 d5 14. f3 d4
15. Nd1 dxe3 16. Nxe3 Nh5 17. c3 Nf4 18. Qd2 Rad8 19. Rad1 Nc5 20. d4 exd4 21.
cxd4 Na6 22. Nf5 Ng6 23. Ng3 Nc7 24. Qb4 b6 25. Rfe1 Qxa2 26. d5 cxd5 27. Ra1
Qc4 28. Qxc4 dxc4 29. Rxa7 Nb5 30. Rb7 Rb8 31. Rd7 Rfd8 32. Red1 Rxd7 33. Rxd7
Ne5 34. Re7 Nc6 35. Rd7 g6 36. f4 Rd8 37. Rb7 Rd1+ 38. Nf1 Rb1 39. Rxb6 Ncd4
40. Rb8+ Kg7 41. Rb7+ Kh6 42. g4 Ne2+ 43. Kf2 Rxb2 44. g5+ Kh5 45. Ng3+ Nxg3+
46. Kxg3 Rb3+ 47. Kf2 Kg4 48. e5 Kxf4 49. e6 Nd6 50. Rxh7 c3 51. Rc7 Rb2+ 52.
Ke1 Rxh2 53. Rxc3 Rh1+ 54. Ke2 Kxg5 55. Re3 Kf6 56. e7 Rh8 57. Kf2 Re8 58. Rf3+
Nf5 59. Kg2 Rxe7 60. Kf2 Rh7 61. Kg2 Kg7 62. Kf1 Rh1+ 63. Ke2 Nd4+ 0-1

[Event "18. Lovfalds EMT Basis 3 2004"]
[Site "Ringsted"]
[Date "2004.09.19"]
[Round "6"]
[White "Jakobsen, Henning"]
[Black "Christensen, Simon"]
[Result "1-0"]
[WhiteElo "1131"]
[BlackElo "1000"]
[PlyCount "63"]
[EventDate "2004.??.??"]

1. d4 g6 2. c4 Nf6 3. Nc3 Bg7 4. e4 d6 5. Nf3 O-O 6. Be3 Nbd7 7. Be2 b6 8. O-O
Bb7 9. d5 c6 10. Qc2 c5 11. Nd2 Ne5 12. f3 Qd7 13. Qd1 Qc7 14. Bf4 Nh5 15. Be3
Nf6 16. a4 a5 17. Rf2 Ba6 18. Nb5 Bxb5 19. axb5 Ra7 20. b3 Rfa8 21. Ra4 Ned7
22. Nf1 Ne8 23. f4 Ndf6 24. Qd3 Ng4 25. Bxg4 Nf6 26. Bh3 Nd7 27. f5 gxf5 28.
Bxf5 Ne5 29. Qe2 Rf8 30. Qh5 Rd8 31. Qxh7+ Kf8 32. Bh6 1-0